000 00298nam a22001337a 4500
008 180226b xxu||||| |||| 00| 0 eng d
020 _a9780807749746
041 _aeng
080 _a37
100 _a25
101 _aEDU
245 _aChildren language and literacy
_cGenishi,C
942 _2udc
_cBK
999 _c43476
_d43476